E14(京葉道・館山道など)のIC - Statistics

General Stats
  • This quiz has been taken 109 times
  • The average score is 23 of 33
Answer Stats
Answers % Correct
JCT 木更津
94%
IC 船橋
90%
IC 幕張
90%
PA 幕張
90%
IC 市原
86%
SA 市原
86%
IC 君津
85%
PA/SIC 君津
85%
JCT 宮野木
80%
JCT 千葉東
80%
IC 蘇我
80%
JCT 京葉
79%
JCT 木更津南
77%
IC 花輪
76%
IC 武石
73%
IC 原木
72%
IC 穴川
72%
IC 富浦
72%
IC 京葉市川
68%
PA 京葉市川
68%
IC 篠崎
65%
IC 貝塚
65%
IC 木更津北
63%
IC 姉崎袖ケ浦
59%
IC 松ヶ丘
58%
IC 富津金谷
54%
JCT 千葉南
52%
JCT 千葉南
52%
IC 富津竹岡
52%
IC 富津竹岡
52%
IC 鋸南保田
49%
IC 富津中央
37%
IC 鋸南富山
34%
No matching quizzes found
Score Distribution
Percent of People with Each Score
Percentile by Number Answered
Your Score History
You have not taken this quiz